Optimalizácia voľby vykurovacích sústav pre halové objekty zásobované teplom zo sústav CZT vykurovanie halových objektov pomocou zavesených sálavých panelov

Bibliographic Details
Main Author: Straková, Zuzana, 1975- (Author)
Format: Book
Language:Slovak
PhysicalDescription:165 s., [10] l. sch., tab. grafy, mp., sch., tab. 29 cm
Published: V Bratislave Slovenská technická univerzita 2005
ISBN:8022723584
Edition:[1. vyd.]
Series:Edícia vedeckých prác zošit č. 31
Subjects:

MARC

LEADER 00000nam a2200000 a 4500
001 vtls008829929
003 SK-MaSNL
005 20260302075205.0
008 251124s2005 xo odblf 000 0dslo
015 |a SNBA2006/07-03894 
020 |a 8022723584  |q (brož.) 
035 |a 10BF23A7-671E-4A19-B7C6-C8015E7CB488 
035 |a urn:nbn:sk:snk-amkq34 
035 |a urn:nbn:sk:snk-am005dua 
040 |a SNK  |b slo  |c SNK  |e AACR2 
041 0 |a slo 
044 |a xo  |c SK 
072 7 |a 620.9  |x Energetika  |2 konspekt 
080 |a 620.9  |2 2001 
080 |a 629.1/.7  |2 2001 
080 |a 620.9:330.567.2  |2 2001 
080 |a (043.3)  |2 2001 
100 1 |a Straková, Zuzana,  |d 1975-  |4 aut  |9 50640 
245 1 0 |a Optimalizácia voľby vykurovacích sústav pre halové objekty zásobované teplom zo sústav CZT  |b vykurovanie halových objektov pomocou zavesených sálavých panelov  |c Zuzana Kovářová 
250 |a [1. vyd.] 
260 |a V Bratislave  |b Slovenská technická univerzita  |c 2005 
300 |a 165 s., [10] l. sch., tab.  |b grafy, mp., sch., tab.  |c 29 cm 
366 |e 50 výtl. 
490 1 |a Edícia vedeckých prác  |v zošit č. 31 
500 |a Biogr. údaje. Zozn., skrat., tab., obr. 
504 |a Bibliogr. odkazy 
650 0 7 |a energia  |2 SNKPH  |9 15416 
650 0 7 |a vykurovanie budov  |2 SNKPH  |9 3679 
650 0 7 |a spotreba energie  |2 SNKPH  |9 28641 
655 7 |a dizertácie  |2 SNKPH  |9 70277 
752 |a Slovensko  |d Bratislava 
810 2 |a Slovenská technická univerzita v Bratislave  |t Edícia vedeckých prác  |9 328037 
919 |a 80-227-2358-4 
999 |c 1168280  |d 1170210 
952 |a SNK  |b SNK  |y PREZ  |7 0  |p 17A0516205  |o snkSB 72561  |i snk2006/13698  |8 0  |0 0  |1 0  |4 0  |d 2006-07-11  |l 0  |r 2025-04-25 00:00:00  |w 2026-02-24 
952 |a SNK  |b SNK  |y VYP  |7 0  |p 17A0516204  |o snkSB 72561 D1  |i snk2006/13699  |8 0  |0 0  |1 0  |4 0  |d 2006-07-11  |f 1  |l 0  |r 2016-06-30 00:00:00  |w 2026-02-24